| 000 | 01772nam a22003971i 4500 | ||
|---|---|---|---|
| 001 | ebr10768929 | ||
| 003 | CaPaEBR | ||
| 006 | m o d | ||
| 007 | cr cn||||||||| | ||
| 008 | 130314s2013 txua ob 001 0 eng d | ||
| 020 | _a9780292749139 (e-book) | ||
| 020 | _z9780292749122 (cloth : alk. paper) | ||
| 040 |
_aCaPaEBR _beng _erda _epn _cCaPaEBR |
||
| 035 | _a(OCoLC)859154939 | ||
| 043 | _an------ | ||
| 050 | 1 | 4 |
_aGT2346.N6 _bD73 2013eb |
| 082 | 0 | 4 |
_a391.6/5 _223 |
| 245 | 0 | 0 |
_aDrawing with great needles : _bancient tattoo traditions of North America / _cedited by Aaron Deter-Wolf and Carol Diaz-Granados. |
| 264 | 1 |
_aAustin : _bUniversity of Texas Press, _c2013. |
|
| 300 |
_a1 online resource (312 pages) : _billustrations |
||
| 336 |
_atext _2rdacontent |
||
| 337 |
_acomputer _2rdamedia |
||
| 338 |
_aonline resource _2rdacarrier |
||
| 504 | _aIncludes bibliographical references and index. | ||
| 588 | _aDescription based on print version record. | ||
| 590 | _aElectronic reproduction. Palo Alto, Calif. : ebrary, 2013. Available via World Wide Web. Access may be limited to ebrary affiliated libraries. | ||
| 650 | 0 |
_aIndian art _zNorth America. |
|
| 650 | 0 |
_aIndians of North America _xSocial life and customs. |
|
| 650 | 0 |
_aTattooing _zNorth America _xHistory. |
|
| 655 | 0 | _aElectronic books. | |
| 700 | 1 |
_aDeter-Wolf, Aaron, _d1976- |
|
| 700 | 1 |
_aDiaz-Granados, Carol, _d1943- |
|
| 776 | 0 | 8 |
_iPrint version: _tDrawing with great needles : ancient tattoo traditions of North America. _dAustin : University of Texas Press, 2013 _hxv, 293 pages _z9780292749122 _w(DLC) 2013002835 |
| 797 | 2 | _aebrary. | |
| 856 | 4 | 0 |
_uhttp://site.ebrary.com/lib/rucke/Doc?id=10768929 _zAn electronic book accessible through the World Wide Web; click to view |
| 999 |
_c126925 _d126925 |
||